000 00614nam a2200181 i 4500
001 88311
003 ES-MaACL
005 20250626210715.0
007 t|
008 050104s1910 fr ||||1| fre d
100 1 _aLa Grasserie, Raoul de.
_969156
245 1 0 _aDe l'intolérance comme phénomène social /
_cpar Raoul de La Grasserie.
260 _aParis :
_bV. Giard et E. Brière,
_c1910.
300 _a40 p. ;
_c25 cm.
852 _aES-MaACL
_jT-748-F-14
_z-- Enc. hol., conservando la cub. original
_z-- Donativo del Sr. Azcárate
_z-- Enc. en un vol. facticio
942 _2udc
999 _c88311
_d88311